000 00803nas a2200265 4500
001 BR0904127
003 BR-BrBNA
005 20231205113246.0
007 ta
008 230509b bl.|||p| |||| 00| 00por d
040 _aBR-BrBNA
_bpor
_cBiblioteca Nacional de Agricultura
041 _a(Pt)
072 _aL40; L74; L70
100 1 _aBorges, J.R.J.
100 1 _aCunha, P.H.J. da
100 1 _aMoscardini, A.R.C.
100 1 _aTortelly, R.
245 1 _aCompactação de abomaso em bovinos leiteiros: descrição de cinco casos
650 _aGADO LEITEIRO
650 _aABOMASO
650 _aINDIGESTÃO
773 0 _tCiência Animal Brasileira (Brazil)
_xISSN 1518-2797
_g(Oct-Dec 2007), v. 8(4) p. 857-862
_wBR0904127
909 _a202311
_bLúcia
_c55
_dLúcia Elande
942 _2AGRIS
_n0
_cANA
999 _c202756
_d202756